World's Worst Beers Quiz Stats

 Plays Quiz not verified by Sporcle

Support Sporcle.
Go Orange.
Score 0/25 Timer 08:00
0 Plays Today
% Correct
Bud Light
80.7%
Coors Light
67%
Natural Light
57.9%
Keystone Light
50.5%
Busch Beer
44.3%
Milwaukee's Best
42.7%
Natural Ice
34.8%
Busch Light
31.4%
Corona Light
24.5%
Michelob Ultra
19.5%
Bud Ice
17.9%
Keystone Ice
13.7%
Miller Chill
5.4%
% Correct
Budweiser Select 55
4.2%
Bud Light Chelada
2.4%
Crazy Ed's Cave Creek Chili Beer
2.2%
Budweiser Chelada
1.8%
Original C Cave Creek Chili Beer
1.8%
Meister Brau
1.6%
Bud Ice Light
1.2%
Sleeman Clear
1%
Evil Eye
0.8%
Bud Extra
0.8%
Wild Blue
0.8%
Earthquake High Gravity Lager
0.4%

You're not logged in!

Compare scores with friends on all Sporcle quizzes.
OR
Log In

From the Vault

Asian Cities Spelling Bee

by Pilgab

Not in their original languages!
Remove Ads.
Support Sporcle.
Get the best of Sporcle when you Go Orange. This ad-free experience offers more features, more stats, and more fun while also helping to support Sporcle. Thank you for becoming a member.

Show Comments

Extras

Created Jun 21, 2011SourceReportNominate
Tags:Beer, Worst

Top Quizzes Today


Score Distribution

Your Account Isn't Verified!

In order to create a playlist on Sporcle, you need to verify the email address you used during registration. Go to your Sporcle Settings to finish the process.

Report this User

Report this user for behavior that violates our Community Guidelines.

Details: